Statistiques concernant Drapeaux en formes de Pays #1

Cliquez ici pour prendre le quiz!

Statistiques générales

  • Ce quiz a été pris 23 686 fois
  • Le résultat moyen est 14 sur 16

Statistiques - réponses

Réponse% Correct
Brésil
99%
Inde
99%
Italie
99%
Grèce
98%
Russie
98%
Mexique
97%
Égypte
95%
Croatie
94%
Arabie Saoudite
91%
Nouvelle-Zélande
91%
Uruguay
88%
Iran
86%
Panama
78%
Mauritanie
56%
Liberia
52%
Brunei
43%

Distribution des résultats

Percentile par nombre de réponses

% des personnes avec chaque résultat

Votre développement - résultats

Vous n’avez pas pris ce quiz